00826cam a2200229 a 45000010009000000050017000090080041000260100017000670200018000840400013001020420008001150500023001231000039001462450117001852500012003022600058003143000028003725040053004006500043004536500054004966500046005501702081720170211084009.0111025s2013 cau b 001 0 eng  a 2011941994 a9780840028587 aDLCcDLC apcc00aBF637b.C6W46 20131 aWelfel, Elizabeth Reynolds,d1949-10aEthics in counseling and psychotherapy :bstandards, research, and emerging issues /cElizabeth Reynolds Welfel. a5th ed. aBelmont, CA :bBrooks/Cole, Cengage Learning,cc2013. axviii, 605 p. ;c24 cm. aIncludes bibliographical references and indexes. 0aCounselingxMoral and ethical aspects. 0aCounseling psychologyxMoral and ethical aspects. 0aPsychotherapyxMoral and ethical aspects.